000 00743nam a2200265Ia 4500
003 OSt
005 20220928125850.0
006 a|||||r|||| 00| 0
007 ta
008 220927b |||||||| |||| 00| 0 eng d
020 _cINR 929.00
024 _a134097
037 _b056, 14/03/2017, Excel Book International
_cTextual
040 _aSDCL
_cSDCL
_beng
041 _2eng
_aeng
082 _aD6,8(B289MYSQL), Q5
100 _aDubois Paul
_9472125
245 0 _aMYSQL
250 _a5th
260 _aNoida
_bPearson
_c2015
300 _axx,1153p.
_ccm.
650 _aI I C
942 _hD6,8(B289MYSQL), Q5
_cTEXL
_2CC
999 _c784693
_d784693